| 000 | 00523cam a22002171 4500 | ||
|---|---|---|---|
| 001 | sa 63000987 | ||
| 003 | DLC | ||
| 005 | 20260227111925.0 | ||
| 008 | 900103s1962 ii a 000 1 pano | ||
| 010 | _asa 63000987 | ||
| 035 | _a(OCoLC)20841636 | ||
| 040 |
_aDLC _cWaU _dDLC |
||
| 042 | _apremarc | ||
| 050 | 0 | 0 |
_aPK2659.M3 _bI4 |
| 100 | 0 | _aManamohana. | |
| 245 | 1 | 0 | _aIka rāta te hora kahāṇīāṃ. |
| 260 | _c[1962] | ||
| 300 |
_a152 p. _billus. _c19 cm. |
||
| 500 | _aIn Panjabi. | ||
| 500 | _aShort stories. | ||
| 999 |
_c53753 _d53753 |
||